000 01365nam a22003977a 4500
003 CHAP
005 20220329141046.0
008 971013s1995 r 00010 d
010 _a62011
011 _a62983
035 _a67159
040 _cCHAP
090 _aTesis
100 0 0 _aGonzález Cabañas, Alma Amalia.
_948742
245 _aSan Quintín comunidad pionera en la colonización de la Selva Lacandona
260 _aChapingo, Méx. :
_bEl autor,
_c1995
300 _a144 h.
502 _aTesis (M.C. en Desaarrollo Rural) -- UACH. Dirección de Centros Regionales
590 _aALEPH
_b10
_c20130110
_lUCH01
_h1344
590 _aBATCH-UPD
_b10
_c20130110
_lUCH01
_h0754
590 _aBATCH-UPD
_b10
_c20130410
_lUCH01
_h0434
590 _aBATCH-UPD
_b10
_c20130914
_lUCH01
_h0035
590 _aCONVERSION
_b10
_c20130109
_lUCH01
_h1333
650 1 4 _aAgricultura
_xChiapas.
_91355
650 1 4 _aCampesinado
_xChiapas.
_918001
650 1 4 _aChiapas
_xCondiciones rurales.
_922226
650 1 4 _aColonización agrícola
_xChiapas.
_925392
650 1 4 _aEjidos
_xChiapas.
_936008
650 1 4 _aLacandones.
_964320
650 1 4 _aSelva Lacandona.
_9103818
650 1 4 _aTierras
_xTenencia
_xChiapas.
_9113149
901 _aBK
942 _cFOLL
949 _bBC
_cTES
_d-152401
_eTS1
_h30751
_i67159
_si
949 _bBC
_cTES
_d33724000628723
_eTS2
_fc.2
_h30752
_i67159
_si
999 _c62011
_d62011